000 008600000a22002050004500
003 LK-CoMWRAF
005 20231218121603.0
008 230817t ||||| |||| 00| 0 eng d
040 _aLK-CoMWRAF
_dLK-CoMWRAF
_eLK-CoMWRAF
041 _asin
082 _a310.10
_bJAY
100 _aජයවීර, ස්වර් ණා
245 _aඒකාබද්ධ ග්‍රාම සංවර්ධන වැඩසටහන නුවරඑළිය දිස්ත්‍රික්කය :
_bසංවර්ධනය සඳහා කාන්තාවන් ඒකාබද්ධ කිරීම
246 _aEkabadda grama samwardana vadasatahana Nuwara eliya distrikkaya : Sanwardanaya sandaha kantawan ekabadda kireema
260 _aකොළඹ :
_c1988
300 _aපි. 80
650 _awomen & development
650 _awomen-SL
942 _cBK
999 _c2588
_d2588